000 00287nam a2200121Ia 4500
008 220216s9999 xx 000 0 und d
100 _aMathew Moly
245 0 _aRRII 414 oru highrange vijayagadha
260 _bRubber
_c2013
300 _a22
700 _aJoseph Salikutti
942 _cJS
999 _c67295
_d67295